| 000 | 01474cam a22004337a 4500 | ||
|---|---|---|---|
| 003 | CHAP | ||
| 005 | 20220817043534.0 | ||
| 008 | 990526d1997 it rn 00110 eng d | ||
| 010 | _a77970 | ||
| 011 | _a78942 | ||
| 020 | _a9251035032 | ||
| 035 | _a89051 | ||
| 040 | _cCHAP | ||
| 082 | 0 | 4 |
_a636.0894 _bF3 |
| 110 | 2 | _aFAO | |
| 245 | 1 | 0 |
_aUse of applicable biotechnological methods for diagnosing haemoparasites : _bproceedings of the extert consultation _c/ed. by Gerrit Uilemberg, Anders Permin and Jorgen W. Hansen |
| 260 |
_aRome : _bFAO, _c1997. |
||
| 300 | _a188 p. | ||
| 590 |
_aBATCH-UPD _b10 _c20130110 _lUCH01 _h0435 |
||
| 590 |
_aBATCH-UPD _b10 _c20130110 _lUCH01 _h2242 |
||
| 590 |
_aBATCH-UPD _b10 _c20130410 _lUCH01 _h0110 |
||
| 590 |
_aBATCH-UPD _b10 _c20130410 _lUCH01 _h1536 |
||
| 590 |
_aBATCH-UPD _b10 _c20130914 _lUCH01 _h0324 |
||
| 590 |
_aCONVERSION _b10 _c20130109 _lUCH01 _h1343 |
||
| 650 | 1 | 4 |
_aAnaplasmosis. _95477 |
| 650 | 1 | 4 |
_aBiotecnología animal. _912891 |
| 650 | 1 | 4 |
_aGanado _xEnfermedades. _944909 |
| 650 | 1 | 4 |
_aGanado _xParásitos. _944939 |
| 650 | 1 | 4 |
_aPiroplasmosis bovina. _988521 |
| 650 | 1 | 4 |
_aTheileria. _9112741 |
| 650 | 1 | 4 |
_aVeterinaria _xDiagnóstico. _9118992 |
| 700 | 0 |
_aHansen, Jorgen W. _952576 |
|
| 700 | 0 |
_aPermin, Anders. _987205 |
|
| 700 | 0 |
_aUilenberg, Gerrit. _9116041 |
|
| 901 | _aBK | ||
| 905 | _aLilia Sánchez G. | ||
| 942 | _cLIBRO | ||
| 949 |
_a636.0894 F3 _bBC _cFAO _d33724000725990 _eFAO1 _h95369 _i89051 _kDonaciØn _sb |
||
| 999 |
_c77970 _d77970 |
||